000 00517nam a2200181Ia 4500
999 _c10820
_d10820
003 OSt
005 20191224121900.0
008 190216s9999||||xx |||||||||||||| ||und||
020 _a9780070436091
040 _coclc
082 _a339
_bGUP/M
100 _aGupta, G S
_9723
245 0 _aMacroEconomics Theory And Applications /
_c G S Gupta
260 _bTata Mcgrawhill Publishers,
_a2001.
_cNew Delhi:
300 _a293p
650 _aEconomics
942 _cBK
_2ddc
_h339
_iGUP/M
_k339
_mGUP/M